| 000 | 00568nam a2200229Ia 4500 | ||
|---|---|---|---|
| 003 | OSt | ||
| 005 | 20220924152805.0 | ||
| 006 | a|||||r|||| 00| 0 | ||
| 007 | ta | ||
| 008 | 220923b |||||||| |||| 00| 0 guj d | ||
| 024 | _a344638 | ||
| 037 | _cTextual | ||
| 040 |
_aARTS _cARTS _bguj |
||
| 041 |
_2guj _aguj |
||
| 082 | _aO156,3M68x, G4 | ||
| 100 |
_aNilkant _9227469 |
||
| 245 | 0 | _aSir Raman bhai Mahipatram | |
| 260 | _c1934 | ||
| 650 | _aGUJRATI FICTION | ||
| 942 |
_hO156,3M68x, G4 _cTEXL _2CC |
||
| 999 |
_c470995 _d470995 |
||